| 000 | 00765nam a2200253Ia 4500 | ||
|---|---|---|---|
| 003 | OSt | ||
| 005 | 20220926030249.0 | ||
| 006 | a|||||r|||| 00| 0 | ||
| 007 | ta | ||
| 008 | 220923b |||||||| |||| 00| 0 hin d | ||
| 020 | _a812275837 | ||
| 037 | _cGeneral Book | ||
| 040 |
_aRTL _cRTL _bhin |
||
| 041 |
_2hin _ahin |
||
| 082 | _aV2,4N51, K9 | ||
| 100 | _aBaxter Craig | ||
| 245 | 0 |
_aJana saugh _b A biography of an India political part |
|
| 260 |
_aPhiladelphia _bUniversity of Philadelphia Press USA _c1969 |
||
| 300 |
_ax, 352p _ccm. |
||
| 500 | _aBibliography: P 337-41; Appendixes: P 317-36; Index:P343-52 | ||
| 650 |
_aPolitical Parties _9227152 |
||
| 942 |
_hV2,4N51, K9 _cGB _2CC |
||
| 999 |
_c649125 _d649125 |
||